[Event "AUTO-ELITE-2568"]
[Site "http://www.queenalice.com/game.php?id=1851480"]
[Date "2025.2.2"]
[Round "1"]
[White "raulzampronha"]
[Black "Sexxy_Bunny"]
[Result "0-1"]
[WhiteElo "2248"]
[BlackElo "2660"]

1. d4 Nf6 2. c4 e6 3. Nc3 Bb4 4. Qc2 O-O 5. Bg5 c5 6. a3 Bxc3+ 7. bxc3 h6 8. Bh4
cxd4 9. cxd4 Qa5+ 10. Qd2 Qxd2+ 11. Kxd2 g5 12. Bg3 Nc6 13. e3 b6 14. Nf3 Ne4+
15. Kc2 Na5 16. Rc1 Bb7 0-1

[Event "AUTO-ELITE-2568"]
[Site "http://www.queenalice.com/game.php?id=1851481"]
[Date "2025.2.2"]
[Round "1"]
[White "Sexxy_Bunny"]
[Black "raulzampronha"]
[Result "1-0"]
[WhiteElo "2640"]
[BlackElo "2226"]

1. e4 c5 2. Nf3 e6 3. d4 cxd4 4. Nxd4 Nf6 5. Nc3 d6 6. g4 h6 7. h4 Nc6 8. Rg1 d5
9. exd5 Nxd5 10. Nxd5 Qxd5 11. Bg2 Qc4 12. Nxc6 bxc6 13. Qe2 Qxe2+ 14. Kxe2 Ba6+
15. Ke1 Rc8 16. Be3 Be7 17. Bxa7 Bxh4 18. Bd4 O-O 19. a4 c5 20. Bc3 Rfd8 21. a5
Kf8 22. b3 Rd7 23. Bf1 Ra8 24. Bxa6 Rxa6 25. Ke2 Bf6 26. Bxf6 gxf6 27. c3 Rb7
28. Rgb1 Ke7 29. b4 Rb5 30. Kd3 Kd6 31. Kc4 Kc6 32. Rd1 1-0

[Event "AUTO-ELITE-2568"]
[Site "http://www.queenalice.com/game.php?id=1851486"]
[Date "2025.2.2"]
[Round "1"]
[White "acid"]
[Black "Sexxy_Bunny"]
[Result "1/2-1/2"]
[WhiteElo "2725"]
[BlackElo "2665"]

1. c4 e5 2. g3 Nf6 3. Nc3 Bb4 4. Bg2 O-O 5. e4 Bxc3 6. bxc3 c6 7. Ne2 d5 8. exd5
cxd5 9. cxd5 Nxd5 10. d4 exd4 11. Qxd4 Be6 12. O-O Nc6 13. Qc5 Re8 14. Nf4 Nxf4
15. Bxf4 Qe7 16. Qxe7 Rxe7 17. Rfe1 Rd8 18. a4 Na5 19. Bf1 h6 20. h4 Red7 21.
Bb5 Nc6 22. a5 a6 23. Bf1 Re8 24. Bg2 Ree7 25. Reb1 Rd3 26. Bxc6 bxc6 27. Rb6
Bc4 28. Rxc6 Rxc3 29. Be3 Re4 30. Rc8+ Kh7 31. Rc5 Rb3 32. Ra4 Bd3 33. Rxe4 Bxe4
34. g4 Bf3 35. g5 Rb4 36. Kh2 h5 37. Kg3 Bb7 38. f3 Rb3 39. Rc7 Bd5 40. Rc5 Bb7
41. Kf2 Rb2+ 42. Kg3 Rb3 1/2-1/2

[Event "AUTO-ELITE-2568"]
[Site "http://www.queenalice.com/game.php?id=1851487"]
[Date "2025.2.2"]
[Round "1"]
[White "Sexxy_Bunny"]
[Black "acid"]
[Result "1/2-1/2"]
[WhiteElo "2662"]
[BlackElo "2725"]

1. e4 Nf6 2. e5 Nd5 3. d4 d6 4. Nf3 dxe5 5. Nxe5 c6 6. Be2 Bf5 7. O-O Nd7 8. Nf3
e6 9. c4 N5f6 10. Nc3 Bd6 11. Nh4 Bg6 12. g3 O-O 13. Nxg6 hxg6 14. Bf3 e5 15. d5
cxd5 16. Nxd5 e4 17. Bg2 Re8 18. Bg5 Be7 19. Nc3 Qc7 20. Qe2 Bb4 21. Nb5 Qc6 22.
Rad1 a6 23. Nd4 Qb6 24. Nc2 a5 25. b3 Bc5 26. Rd2 Nb8 27. h3 Nc6 28. Be3 Rad8
29. Rxd8 Rxd8 30. Rd1 Rxd1+ 31. Qxd1 Bxe3 32. Nxe3 Nd4 33. Nf1 Qc5 34. Qe1 Nc2
35. Qe2 Nd4 36. Qe3 Qe5 37. Nd2 Nf5 38. Qf4 Qa1+ 39. Kh2 Qxa2 40. Bxe4 Nxg3 41.
Qb8+ Kh7 42. Qxg3 Qxd2 43. Bxb7 Qb2 44. Bd5 Nxd5 45. cxd5 Qd4 46. Qf3 Kg8 47.
Kg2 f6 48. Kf1 Kf7 49. Ke2 Qb2+ 50. Ke1 Qd4 51. Ke2 Qb2+ 52. Kd1 Qa1+ 53. Kc2
Qd4 54. h4 Ke7 55. Qe2+ Kd8 56. Qe6 Qxf2+ 57. Kd3 Qg3+ 58. Kd2 Qf4+ 59. Kd3 Qg3+
60. Kd2 Qf4+ 61. Kd3 Qf5+ 62. Qxf5 gxf5 63. h5 Kc7 64. Ke3 Kd6 65. Kf4 Kxd5 66.
Kxf5 Kc5 67. Kg6 f5 68. Kxf5 Kb4 69. Kg6 Kxb3 70. Kxg7 a4 71. h6 a3 72. h7 a2
73. h8=Q a1=Q+ 74. Kg8 Qxh8+ 75. Kxh8 Kc4 1/2-1/2

[Event "AUTO-ELITE-2354"]
[Site "http://www.queenalice.com/game.php?id=1851627"]
[Date "2025.2.5"]
[Round "2"]
[White "beteljeuxe"]
[Black "Sexxy_Bunny"]
[Result "1/2-1/2"]
[WhiteElo "2329"]
[BlackElo "2646"]

1. e4 c5 2. Nf3 d6 3. d4 cxd4 4. Nxd4 Nf6 5. Nc3 a6 6. Be3 e5 7. Nb3 Be6 8. f3
h5 9. Qd2 Nbd7 10. Nd5 Bxd5 11. exd5 g6 12. Be2 Bg7 13. O-O b6 14. c4 O-O 15.
Rae1 Re8 16. Kh1 Rc8 17. Qd1 a5 18. Nd2 Nc5 19. Bg5 Qd7 20. Qb1 e4 21. Bxf6 Bxf6
22. Nxe4 Nxe4 23. fxe4 Be5 24. b3 a4 25. b4 b5 26. cxb5 Rc3 27. Bd3 Qa7 28. Rf3
Rec8 29. Qd1 Qd4 30. Ref1 f6 31. Qe2 Kg7 32. Rd1 h4 33. Rff1 R8c7 34. Qd2 Rc8
35. Rf3 Qxb4 36. Rff1 Qd4 37. Rf3 Qb4 38. Rff1 Qa3 39. Rf3 Qb4 1/2-1/2

[Event "AUTO-ELITE-2354"]
[Site "http://www.queenalice.com/game.php?id=1851628"]
[Date "2025.2.5"]
[Round "2"]
[White "Sexxy_Bunny"]
[Black "beteljeuxe"]
[Result "1/2-1/2"]
[WhiteElo "2641"]
[BlackElo "2383"]

1. e4 e5 2. Nf3 Nc6 3. Bb5 a6 4. Ba4 Nf6 5. O-O Be7 6. Re1 b5 7. Bb3 d6 8. c3
O-O 9. h3 Na5 10. Bc2 c5 11. d4 Qc7 12. Nbd2 cxd4 13. cxd4 Nc6 14. Nb3 a5 15.
Be3 a4 16. Nbd2 Bd7 17. Rc1 Qb7 18. Qe2 Rfe8 19. Bd3 Rab8 20. dxe5 Nxe5 21. Nxe5
dxe5 22. Bc5 Bc6 23. Nf3 Nd7 24. Bxe7 Rxe7 25. Rc3 Nf8 26. Rec1 Be8 27. b3 Ne6
28. g3 axb3 29. Rxb3 Qb6 30. Rbb1 g6 31. Rc2 Kg7 32. Bc4 Nd4 33. Nxd4 exd4 34.
Bd5 f5 35. Qd3 fxe4 36. Bxe4 Qd6 37. Rbb2 Bf7 38. Rd2 Ra7 39. Rxb5 Rxb5 40. Qxb5
Rxa2 41. Rxa2 Bxa2 42. h4 Be6 43. Qa5 Bg4 44. Bd5 Bd7 45. Qa8 Kh6 46. Qa5 Qe5
47. Qa8 Qd6 48. Bf3 d3 49. Qh8 d2 50. Bd1 Bh3 51. Kh2 Bf1 52. Kg1 Bh3 53. Kh2
Bf1 54. Kh1 Bh3 55. Qc3 Qd5+ 56. f3 Qd6 57. Kh2 Bf1 58. Qb2 Ba6 59. Qc3 Bf1 60.
Qb2 Bc4 61. Qh8 Bd3 62. Qc3 Bf1 1/2-1/2

[Event "AUTO-ELITE-2570"]
[Site "http://www.queenalice.com/game.php?id=1852402"]
[Date "2025.2.18"]
[Round "1"]
[White "raulzampronha"]
[Black "Sexxy_Bunny"]
[Result "0-1"]
[WhiteElo "2229"]
[BlackElo "2633"]

1. d4 Nf6 2. c4 e6 3. Nc3 Bb4 4. e3 O-O 5. Ne2 d5 6. a3 Be7 7. cxd5 exd5 8. Nf4
c6 9. Be2 Nbd7 10. O-O Re8 11. b4 a6 12. Bb2 Bd6 13. Nd3 Ne4 14. Nxe4 dxe4 15.
Nc5 Nf6 16. Qd2 b6 17. Nb3 Ng4 18. Bxg4 Bxg4 19. f4 exf3 20. gxf3 Bh3 21. Rfe1
Qg5+ 22. Kh1 Qh5 23. Rg1 Qxf3+ 0-1

[Event "AUTO-ELITE-2570"]
[Site "http://www.queenalice.com/game.php?id=1852403"]
[Date "2025.2.18"]
[Round "1"]
[White "Sexxy_Bunny"]
[Black "raulzampronha"]
[Result "1-0"]
[WhiteElo "2636"]
[BlackElo "2218"]

1. e4 c5 2. Nf3 e6 3. d4 cxd4 4. Nxd4 d6 5. Nc3 a6 6. Be3 Nf6 7. f3 b5 8. Qd2
Bb7 9. g4 h6 10. O-O-O Nbd7 11. h4 b4 12. Na4 Qa5 13. b3 Nc5 14. a3 Nxa4 15.
axb4 Qc7 16. bxa4 d5 17. e5 Nd7 18. f4 Nb6 19. Rh3 Nxa4 20. Bf2 Rc8 21. Be1 Nb6
22. f5 Nc4 23. Bxc4 Qxc4 24. fxe6 fxe6 25. Qd3 Qa2 26. Qg6+ 1-0

[Event "AUTO-ELITE-2571"]
[Site "http://www.queenalice.com/game.php?id=1852439"]
[Date "2025.2.19"]
[Round "1"]
[White "raulzampronha"]
[Black "Sexxy_Bunny"]
[Result "0-1"]
[WhiteElo "2226"]
[BlackElo "2636"]

1. d4 Nf6 2. c4 e6 3. Nf3 d5 4. g3 Be7 5. Bg2 O-O 6. O-O dxc4 7. Qc2 a6 8. Qxc4
b5 9. Qc2 Bb7 10. Bd2 Be4 11. Qc1 Bb7 12. Qc2 Be4 13. Qc1 c6 14. Nc3 Bxf3 15.
Bxf3 Qxd4 16. Be3 Qd8 17. Rd1 Qc7 18. a4 b4 19. Ne4 Nd5 20. Bc5 Nd7 21. Rxd5
cxd5 22. Bxe7 Qxc1+ 23. Rxc1 Rfe8 24. Bxb4 dxe4 25. Bxe4 Rac8 26. Rd1 Rc4 27.
Rxd7 Rxb4 28. Bb7 Rxa4 0-1

[Event "AUTO-ELITE-2571"]
[Site "http://www.queenalice.com/game.php?id=1852440"]
[Date "2025.2.19"]
[Round "1"]
[White "Sexxy_Bunny"]
[Black "raulzampronha"]
[Result "1-0"]
[WhiteElo "2635"]
[BlackElo "2227"]

1. e4 c5 2. Nf3 d6 3. d4 cxd4 4. Nxd4 Nf6 5. Nc3 Nc6 6. Bg5 e6 7. Qd2 Be7 8.
O-O-O O-O 9. f4 a6 10. e5 dxe5 11. Nxc6 Qxd2+ 12. Rxd2 bxc6 13. fxe5 Nd5 14.
Bxe7 Nxe7 15. Bd3 a5 16. Na4 Ba6 17. c4 Ng6 18. Bxg6 fxg6 19. b3 Rf5 20. Re1
Raf8 21. Nc5 Bc8 22. Kb2 Rf2 23. Ree2 Rxe2 24. Rxe2 1-0

[Event "AUTO-ELITE-2572"]
[Site "http://www.queenalice.com/game.php?id=1852872"]
[Date "2025.2.25"]
[Round "1"]
[White "Sexxy_Bunny"]
[Black "raulzampronha"]
[Result "1-0"]
[WhiteElo "2634"]
[BlackElo "2228"]

1. e4 c5 2. Nf3 e6 3. d4 cxd4 4. Nxd4 a6 5. Nc3 b5 6. Bd3 Bb7 7. O-O d6 8. a4 b4
9. Na2 d5 10. e5 Nc6 11. Nxc6 Bxc6 12. Bd2 Qb8 13. Re1 a5 14. c3 bxc3 15. Nxc3
Ne7 16. Nb5 Ng6 17. Rc1 Qb7 18. Qc2 Rc8 19. Bxa5 1-0

[Event "AUTO-ELITE-2572"]
[Site "http://www.queenalice.com/game.php?id=1852873"]
[Date "2025.2.25"]
[Round "1"]
[White "raulzampronha"]
[Black "Sexxy_Bunny"]
[Result "0-1"]
[WhiteElo "2222"]
[BlackElo "2633"]

1. d4 Nf6 2. c4 e6 3. Nf3 d5 4. g3 Be7 5. Bg2 O-O 6. O-O dxc4 7. Qc2 a6 8. Qxc4
b5 9. Qc2 Bb7 10. Bd2 Be4 11. Qc1 c6 12. e3 Nbd7 13. Nc3 Bg6 14. Ne5 Nxe5 15.
dxe5 Nd5 16. Ne4 Qc7 17. f4 Bxe4 18. Bxe4 c5 19. Qe1 a5 20. g4 Rfd8 21. g5 b4
22. Qh4 g6 23. Rf3 c4 24. Raf1 Ra7 25. Rh3 h5 26. Bf3 Kg7 27. Bc1 Bc5 28. Kh1
Nxe3 29. Bxh5 Nf5 0-1

[Event "AUTO-ELITE-2573"]
[Site "http://www.queenalice.com/game.php?id=1853323"]
[Date "2025.3.5"]
[Round "1"]
[White "Sexxy_Bunny"]
[Black "Ahlkhanvio"]
[Result "1/2-1/2"]
[WhiteElo "2639"]
[BlackElo "2607"]

1. e4 e6 2. d4 d5 3. Nc3 Nf6 4. e5 Nfd7 5. f4 c5 6. Nf3 Nc6 7. Be3 Qb6 8. Na4
Qa5+ 9. c3 b6 10. Bd2 c4 11. b4 Nxb4 12. cxb4 Bxb4 13. Qc2 Bxd2+ 14. Nxd2 b5 15.
Nc3 O-O 16. Be2 b4 17. Nd1 Qb6 18. Nf3 a5 19. O-O Nb8 20. Ne3 Nc6 21. Qd2 Ba6
22. Rf2 a4 23. f5 c3 24. Qd1 Bxe2 25. Rxe2 b3 26. f6 Rfc8 27. fxg7 Rab8 28. Rf2
c2 29. Nxc2 bxc2 30. Rxc2 Qb4 31. Rd2 Rb7 32. Rf2 Qa3 33. Ng5 Qc3 34. Rb1 Rcb8
35. Rxb7 Rxb7 36. h3 Nxd4 37. Nxh7 Kxh7 38. Qh5+ Kxg7 39. Qg5+ Kf8 40. Qd8+ Kg7
41. Qg5+ Kf8 42. Qd8+ Kg7 43. Qg5+ Kf8 1/2-1/2

[Event "AUTO-ELITE-2573"]
[Site "http://www.queenalice.com/game.php?id=1853324"]
[Date "2025.3.5"]
[Round "1"]
[White "Ahlkhanvio"]
[Black "Sexxy_Bunny"]
[Result "1/2-1/2"]
[WhiteElo "2606"]
[BlackElo "2638"]

1. d4 Nf6 2. Bf4 d5 3. e3 c5 4. dxc5 Nc6 5. Bb5 e6 6. b4 a5 7. c3 Bd7 8. Qb3 Ne4
9. f3 e5 10. fxe4 exf4 11. exd5 Qh4+ 12. Kd1 Qf2 13. Nf3 Qxg2 14. Rf1 Bg4 15.
Nd2 fxe3 16. Be2 exd2 17. dxc6 bxc6 18. Qc4 Be6 19. Qe4 Rc8 20. Rg1 Qh3 21. Nd4
Be7 22. Nxe6 fxe6 23. Bc4 Qxc3 24. Qxe6 Rb8 25. Qxc6+ Kd8 26. Qd5+ Kc7 27. b5
Qxa1+ 28. Kc2 Qe1 29. Rxe1 dxe1=Q 30. Qc6+ Kd8 31. Qd5+ Ke8 32. Qf7+ Kd7 33.
Qd5+ Kc8 34. Qc6+ Kd8 35. Qd5+ Ke8 36. Qf7+ Kd7 37. Qd5+ Ke8 1/2-1/2

[Event "AUTO-ELITE-2575"]
[Site "http://www.queenalice.com/game.php?id=1854006"]
[Date "2025.3.16"]
[Round "1"]
[White "Sexxy_Bunny"]
[Black "raulzampronha"]
[Result "1-0"]
[WhiteElo "2636"]
[BlackElo "2219"]

1. e4 d5 2. exd5 Nf6 3. d4 Nxd5 4. Nf3 g6 5. c4 Nb6 6. Nc3 Bg7 7. c5 Nd5 8. Bc4
c6 9. O-O O-O 10. Re1 Bg4 11. Bg5 Bf6 12. Bh6 Bg7 13. Bxg7 Kxg7 14. Qb3 Bxf3 15.
Qxb7 Nc7 16. gxf3 Qxd4 17. Re4 1-0

[Event "AUTO-ELITE-2576"]
[Site "http://www.queenalice.com/game.php?id=1854507"]
[Date "2025.3.26"]
[Round "1"]
[White "Sexxy_Bunny"]
[Black "CCapivara"]
[Result "1-0"]
[WhiteElo "2635"]
[BlackElo "2248"]

1. e4 d6 2. d4 Nf6 3. Nc3 c6 4. f4 Qa5 5. Bd3 e5 6. Nf3 Bg4 7. Be3 Nbd7 8. O-O
Be7 9. h3 exf4 10. Bxf4 Bh5 11. Qe1 Qd8 12. e5 dxe5 13. dxe5 Nd5 14. Nxd5 cxd5
15. e6 Nf6 16. exf7+ Bxf7 17. Bb5+ Kf8 18. Kh1 Ne4 19. Ne5 Bf6 20. Rd1 g5 21.
Bxg5 Nxg5 22. Nd7+ Kg7 23. Nxf6 Qxf6 24. Rxf6 Kxf6 25. Qc3+ Kg6 26. Bd3+ Kh6 27.
Qf6+ Bg6 28. Bxg6 hxg6 29. Rxd5 Nh7 30. Qh4+ Kg7 31. Rd7+ 1-0

[Event "AUTO-ELITE-2576"]
[Site "http://www.queenalice.com/game.php?id=1854508"]
[Date "2025.3.26"]
[Round "1"]
[White "CCapivara"]
[Black "Sexxy_Bunny"]
[Result "0-1"]
[WhiteElo "2249"]
[BlackElo "2634"]

1. e4 c5 2. Nf3 d6 3. d4 cxd4 4. Nxd4 Nf6 5. Nc3 a6 6. Bg5 e6 7. f4 Qb6 8. Nb3
Nbd7 9. Qf3 Be7 10. O-O-O Qc7 11. g4 b5 12. Bd3 Bb7 13. h4 O-O 14. h5 b4 15. Ne2
a5 16. Bxf6 Bxf6 17. g5 a4 18. Nd2 Be7 19. Kb1 Nc5 20. Nc1 Rfc8 21. Nc4 Nxd3 22.
cxd3 d5 23. Ne5 Qc2+ 24. Ka1 a3 25. bxa3 b3 26. Nxb3 Rxa3 27. Nc1 Rca8 0-1